L'immoralista - La porta stretta

Kaydedildi:
Detaylı Bibliyografya
Yazar: Gide Andre'
Materyal Türü: Kitap
Dil:Bilinmeyen Dil
Baskı/Yayın Bilgisi: Milano Garzanti 1999
Etiketler: Etiketle
Etiket eklenmemiş, İlk siz ekleyin!

MARC

LEADER 00000nam a2200000Ia 4500
001 480
003 NUMERAZIONE-ORIGINALE-BRESCIA
005 20260206230753.0
008 260206s9999 xx 000 0 und d
100 |a Gide Andre' 
245 0 |a L'immoralista - La porta stretta 
260 |a Milano 
260 |b Garzanti 
260 |c 1999 
500 |a I grandi libri 
942 |2 ddc  |c BK  |n 0 
952 |0 0  |1 0  |2 ddc  |4 0  |6 12  |7 0  |9 28606  |a BS  |b BS  |d 2026-02-06  |i 480  |l 0  |o 1-2-*  |r 2026-02-06 22:40:39  |w 2026-02-06  |x [REVISIONARE]  |y BK 
999 |c 24265  |d 24265